Castle In Hollywood - Laufey Lyric Quiz - Statistics

General Stats
  • This quiz has been taken 108 times
  • The average score is 210 of 276
Answer Stats
Answer % Correct
Í
100%
I
100%
A
98%
In
96%
Hollywood
93%
The
93%
To
93%
You
93%
Castle
91%
My
91%
Our
91%
Of
87%
That
87%
Then
87%
We
85%
About
83%
Go
83%
Spring
83%
With
83%
Again
80%
Always
80%
Back
80%
Died
80%
It
80%
Lilies
80%
Tied
80%
Together
80%
Bloomed
78%
Friend
78%
Out
78%
Think
78%
We’ll
78%
Well
78%
Winter
78%
And
76%
End
76%
String
76%
They
76%
Thought
76%
Day
74%
Heartbreak
74%
House
74%
Never
74%
Tell
74%
What
74%
Brain
72%
Fairy
72%
Girlhood
72%
It’s
72%
Still
72%
Wish
72%
By
70%
Can’t
70%
Spend
70%
Story
70%
Wonder
70%
Glory
67%
Happened
67%
Hurry
67%
Learning
67%
Live
67%
Version
67%
Without
67%
Your
67%
Could
65%
Days
65%
Figure
65%
Hours
65%
Marked
65%
Night
65%
Or
65%
Rack
65%
Walk
65%
Which
65%
Be
63%
Friends
63%
Where
63%
One
61%
Year
61%
Boy
59%
Ever
59%
Had
59%
I’m
59%
Love
59%
Moved
57%
Have
54%
Like
54%
Months
54%
Thirty
54%
Come
52%
Dreamed
52%
Gone
52%
Fell
50%
Hadn’t
50%
Hell
50%
How
50%
Dating
48%
Finally
48%
First
48%
Lied
48%
Fine
46%
Us
46%
Forever
43%
Not
43%
Him
41%
Obsess
41%
Way
41%
Best
39%
Dress
39%
Meant
39%
Over
39%
Were
39%
I’ve
37%
Single
37%
There’s
37%
Worst
37%
Better
35%
Borrow
35%
Didn’t
35%
Sweater
35%
Couldn’t
30%
Just
30%
Owe
22%
No matching quizzes found
Score Distribution
Percent of People with Each Score
Percentile by Number Answered
Your Score History
You have not taken this quiz